000
00278nam a2200109Ia 4500
008
200302s9999 xx 000 0 und d
100
_a
Bryan L. Peterson
245
_a
Using Design Basics to Get Creative Results
260
_b
How Design Books
260
_c
1996
300
_a
142 P.,
999
_c
1837
_d
1837